000 00348nam a2200145Ia 4500
008 230917s9999||||xx |||||||||||||| ||und||
040 _e135434
_aMAIN
041 _aEnglish
082 _a658.4 G552M
100 _aGoel, S L
245 0 _aModern management techniques
260 _aNew Delhi
_bDeep & Deep
_c1990
300 _a622p p.
942 _cBK
999 _c66021
_d66021